Tìm hiểu địa danh qua tục ngữ ca dao Phú Yên

Tổng quan về vùng đất và con người Phú Yên. Giới thiệu các địa danh của Phú Yên thể hiện trong tục ngữ ca dao. Tổng hợp và phân loại địa danh Phú Yên qua tục ngữ ca dao

Enregistré dans:
Détails bibliographiques
Auteur principal: Nguyễn Đình Chúc
Format: Livre
Langue:Vietnamese
Publié: H. Thanh niên 2011
Sujets:
Tags: Ajouter un tag
Pas de tags, Soyez le premier à ajouter un tag!
Thư viện lưu trữ: Mạng thư viện Đại học Đà Nẵng
LEADER 01302aam a22003378a 4500
001 000015847
003 12231
005 20120605150654.0
008 120605s2011 viesd
020 |d 1000b 
041 |a vie 
082 1 4 |2 14  |a 915.9755  |b NG-C 
084 |a Đ9(1-Py)  |b T310H 
100 1 |a Nguyễn Đình Chúc 
245 |a Tìm hiểu địa danh qua tục ngữ ca dao Phú Yên  |c Nguyễn Đình Chúc 
260 |a H.  |b Thanh niên  |c 2011 
300 |a 297tr.  |c 21cm 
520 |a Tổng quan về vùng đất và con người Phú Yên. Giới thiệu các địa danh của Phú Yên thể hiện trong tục ngữ ca dao. Tổng hợp và phân loại địa danh Phú Yên qua tục ngữ ca dao 
650 7 |2 Bộ TK TVQG  |a Địa chí 
651 7 |2 Bộ TK TVQG  |a Phú Yên 
651 7 |2 Bộ TK TVQG  |a Việt Nam 
OWN |a LSP 
AVA |a UDN50  |b LSP  |d 915.9755 NG-C  |e available  |t Error 5001 Not defined in file expand_doc_bib_avail.  |f 1  |g 0  |h N  |i 0  |k 1 
999 |a From the UDN01 
AVA |a UDN50  |b LSP  |d 915.9755 NG-C  |e available  |t Error 5001 Not defined in file expand_doc_bib_avail.  |f 1  |g 0  |h N  |i 0  |k 1 
TYP |a Monograph 
TYP |a Printed language 
980 |a Mạng thư viện Đại học Đà Nẵng